Responses for Show #1928 - Wednesday, January 13, 1993

Contestants

[<< previous game]

John Schneider, a landscape lighting designer from Pacific Palisades, California

Susan Brown, a doctoral student originally from Portland, Oregon

Kimberly Kallsen King, a legal clerk originally from Cottonwood, Arizona (whose 1-day cash winnings total $2,200)

[next game >>]

Jeopardy! Round responses

BRITISH NOVELISTS
TV GUIDE SAYS
CANDLES
LOUISIANA
RAIN FOREST CREATURES
"C" FOOD
    $100 1
Ian Fleming

Susan
    $100 11
L.A. Law

Kim
    $100 20
(Kim: What is wax?)
(Alex: Be more specific.)

beeswax

Kim
    $100 26
(Susan: What is the crocodile?)

the alligator

KimSusan
    $100 16
(John: What are ants?)
(Alex: More specific?)
(John: Red ants.)

army ants

KimJohn
    $100 6
a coconut

Susan
    $200 2
Charles Dickens

Susan
    $200 12
Beverly Hills, 90210

Kim
    $200 21
the wick

Susan
    $200 27
the pelican

Kim
    $200 17
(Susan: What is fungus?)
(Kim: What is moss?)
(John: What is lichen?)

Algae

KimSusanJohn
Triple Stumper
    $200 7
cheddar

Kim
    $300 3
Daniel Defoe

John
    $300 13
Family Matters

Triple Stumper
    $300 22
a Roman candle

Kim
    $300 28
(Susan: What is Democrat?)

the Republican Party

SusanJohn
    $300 18
Coral snakes

Kim
    $300 8
chutney

John
    $400 4
(John: I'm sorry.)
...
(Alex: You may have started to think about Paul Gauguin and realized it was BRITISH NOVELISTS. [*] is the novelist.)

Robert Louis Stevenson

John
Triple Stumper
    $400 14
Major Dad

Susan
    $400 23
Hanukkah

Kim
    $700 29
(John: Who was John Anderson?)

George Wallace

John
    $400 19
birds

Susan
    $400 9
a cabbage

Susan
    $500 5
(John: Who is Bertrand Russell?)
(Kim: Who is Gibbon?)

H.G. Wells

KimJohn
Triple Stumper
    $500 15
Quantum Leap

Kim
    $500 24
because she's burning it at both ends

John
    $500 30
1812

John
    $500 25
woolly monkeys

Triple Stumper
    $500 10
Coquilles St. Jacques

John

Scores at the first commercial break (after clue 13):

Kim Susan John
$0 $800 $200

Scores at the end of the Jeopardy! Round:

Kim Susan John
$1,800 $1,200 $500

Double Jeopardy! Round responses

CHINESE HISTORY
WATER
CLASSICAL MUSIC
DONS & DONALDS
LEFTOVERS
CORPORATE AMERICA
    $200 7
Toilets

Susan
    $200 2
Elizabeth II

Kim
    $200 10
(Susan: What is Donald Duck?)
(John: What is [*] Slayton?)

Deke

SusanJohn
    $200 16
Sunset Boulevard

Susan
    $200 1
Montgomery

Kim
    $400 8
a main

John
    $400 3
(Kim: What is the mandolin?)

the guitar

Kim
Triple Stumper
    $400 11
the Nobel Prize

John
    $400 19
Dolly Parton

Susan
    $400 12
John Hertz

Triple Stumper
    $600 26
Confucius

Kim
    $600 9
(Alex: No time to tell you because it is [*].)

a water clock

Triple Stumper
    $600 4
(Susan: What is Berlin? The Berlin Symphony? [*]?)
(Alex: [*]. Yeah, you got it in before.)

the Berlin Philharmonic

Susan
    $600 23
Tokyo

Kim
    $600 18
(John: What are the [*] Stakes?)
(Alex: All right. It's a confusing clue. [*] we're going for, but [*] Stakes is acceptable.)

(August) Belmont

John
    $600 13
Vanity Fair

Susan
    $1,000 27
(Kim: Who are the French?)
[The end-of-round signal sounds.]

the Portuguese

Kim
    $800 14
evaporation

John
    $800 5
(John: Who was Byrd?)

Robert Scott

John
Triple Stumper
    $800 24
(Susan: Who was Reagan?)
(Alex: Say it again.)
(Susan: Who was Reagan?)

Donald Regan

KimSusan
    $800 17
The Embargo Act

Triple Stumper
    $800 21
Pennzoil

Triple Stumper
    $1000 15
Baden-Baden

Kim
    $1000 6
Pablo Casals

Susan
    $1000 25
(John: Who is Kim Philby?)

Donald MacLean

John
Triple Stumper
    $1000 20
Brandeis

John
    $1,300 22
(Alex: [after John's wager] We have less than a minute to go.)

Rubbermaid

John

Scores at the end of the Double Jeopardy! Round:

Kim Susan John
$3,800 $3,200 $3,400

[wagering suggestions for these scores]

Final Jeopardy! Round responses

FAMOUS STRUCTURES
SusanWhat is the Anaconda sm Brooklyn Bridge
$3,200
JohnWhat is the Washington Monument?
$3,400
KimWhat is the Washington Monument?
$3,001
the Washington Monument

Final scores:

Kim Susan John
$6,801 $0 $6,800
2-day champion: $9,001 3rd place: ProForm step machine + Wheel of Fortune & Jeopardy! games for the Super Nintendo & Sega Genesis 2nd place: trip to New York City

Game dynamics:

Coryat scores:

Kim Susan John
$4,800 $3,200 $3,800
17 R,
4 W
(including 1 DD)
13 R,
5 W
13 R
(including 1 DD),
7 W
(including 1 DD)

Combined Coryat: $11,800

[game clues] [game scores] [suggest correction]

Game tape date: 1992-09-22
The J! Archive is created by fans, for fans. Scraping, republication, monetization, and malicious use prohibited; this site may use cookies and collect identifying information. See terms. The Jeopardy! game show and all elements thereof, including but not limited to copyright and trademark thereto, are the property of Jeopardy Productions, Inc. and are protected under law. This website is not affiliated with, sponsored by, or operated by Jeopardy Productions, Inc. Join the discussion at JBoard.tv.